Loading...
Culture of Cells for Tissue engineering
| Main Author: | |
|---|---|
| Other Authors: | |
| Format: | Printed Book |
| Published: |
New Delhi
Wileey India
2010
|
| Subjects: |
| LEADER | 00538nam a22001577a 4500 | ||
|---|---|---|---|
| 020 | |a 9788126525744 | ||
| 082 | |a 581.332 GOR/C | ||
| 100 | |a Ed by Gordana Vunjak - Novakovik | ||
| 245 | |a Culture of Cells for Tissue engineering | ||
| 260 | |a New Delhi |b Wileey India |c 2010 | ||
| 300 | |a 512 | ||
| 650 | |a Cell culture, Tissue Culture, Biotechnology | ||
| 700 | |a R Ian Freshney | ||
| 942 | |c BK | ||
| 999 | |c 136153 |d 136149 | ||
| 952 | |0 0 |1 0 |4 0 |6 581_332000000000000_GOR_C |7 0 |9 134997 |a SCP |b SCP |d 2015-11-30 |l 0 |o 581.332 GOR/C |p SCP06688 |r 2015-11-30 |w 2015-11-30 |y BK | ||